Normal view MARC view
  • W P Gibbings and Son

Entry Corporate Name

Number of records used in: 1

001 - CONTROL NUMBER

  • control field: 5406

003 - CONTROL NUMBER IDENTIFIER

  • control field: SIRSI

005 - DATE AND TIME OF LATEST TRANSACTION

  • control field: 20190806150242.0

008 - FIXED-LENGTH DATA ELEMENTS

  • fixed length control field: 071017n| acannaabn |n ana d

040 ## - CATALOGING SOURCE

  • Original cataloging agency: OSt
  • Transcribing agency: OSt

110 2# - HEADING--CORPORATE NAME

  • Corporate name or jurisdiction name as entry element: W P Gibbings and Son

670 ## - SOURCE DATA FOUND

  • Source citation: Illustrated particulars, plans and conditions of sale of the whole of the freehold real estate of H.M. Factory, Gretna on the borders of Dumfriesshire and Cumberland, embracing the modern townships of Gretna and Eastriggs, and the Mossband, Longtown, and Dornock areas...comprising about 600 lots...for sale by auction by Messrs. W.L. Tiffen and Sons, in conjunction with Messrs. W.P. Gibbings and Son in the County Hall, Carlisle on Tuesday, Wednesday, Thursday and Friday, 22nd, 23rd, 24th and 25th July 1924..., [1924]